Quantitative Aptitude (Record no. 342143)
[ view plain ]
| 000 -LEADER | |
|---|---|
| fixed length control field | 00474nam a2200169Ia 4500 |
| 008 - FIXED-LENGTH DATA ELEMENTS--GENERAL INFORMATION | |
| fixed length control field | 230718s9999 xx 000 0 und d |
| 020 ## - INTERNATIONAL STANDARD BOOK NUMBER | |
| International Standard Book Number | 9788121924986 |
| 041 ## - LANGUAGE CODE | |
| Language code of text/sound track or separate title | eng |
| 082 ## - DEWEY DECIMAL CLASSIFICATION NUMBER | |
| Classification number | 372.4 |
| Item number | AGG |
| 100 ## - MAIN ENTRY--PERSONAL NAME | |
| Personal name | Aggarwal R.S. |
| 245 ## - TITLE STATEMENT | |
| Title | Quantitative Aptitude |
| Remainder of title | For Competitive Examination (Fully Solved) |
| 260 ## - PUBLICATION, DISTRIBUTION, ETC. (IMPRINT) | |
| Date of publication, distribution, etc. | 2014 |
| Name of publisher, distributor, etc. | S. Chand |
| 300 ## - PHYSICAL DESCRIPTION | |
| Extent | 726 |
| 365 ## - TRADE PRICE | |
| Currency code | Rs. |
| Price amount | 550.00 |
| 700 ## - ADDED ENTRY--PERSONAL NAME | |
| Personal name | Aggarwal R.S. |
| 906 ## - LOCAL DATA ELEMENT F, LDF (RLIN) | |
| d | O:0511107-Jun-2016B:IN 14025-May-2016 |
| c | GENRL |
| b | 363 |
| Withdrawn status | Lost status | Damaged status | Not for loan | Home library | Current library | Date acquired | Vendor | Budget Code | Cost, normal purchase price | Bill number | Total Checkouts | Full call number | Barcode | Date last seen | Date last checked out | Discount | Cost, replacement price | Bill Date | Koha item type | Original Barcode |
|---|---|---|---|---|---|---|---|---|---|---|---|---|---|---|---|---|---|---|---|---|
| Cummins College of Engineering for Women Pune | Cummins College of Engineering for Women Pune | 07/06/2016 | Pradeep Book Distributors | GENRL | 429.00 | IN 140 | 2 | 372.4 | CCEP-BK-53350 | 08/03/2024 | 21/02/2024 | 363 | 550.00 | 25/05/2016 | Books | 053350 |